000 00532nam a22001937a 4500
003 MPLRDC
005 20220104142437.0
008 210129b ||||| |||| 00| 0 eng d
020 _a978-957-32-6855-0
082 _a191.9 LIN
100 _aANNE MORROW LINDBERGH
245 _a来自大海的礼物
_c唐清蓉、林燕玲 译
250 _a二版三刷
260 _a台湾
_b远流出版事业股份有限公司
_c2012
300 _b151
490 _a绿蠹鱼从书: YLK31
650 _a人生观
942 _cBK
_o191.9 LIN
999 _c30942
_d30932